000 00859nam0a22002291 4500
001 rc\965371
005 20250622061053.0
035 _a(NLR Aleph) 006134697
090 _a5598482
_c5598482
100 _a20041129d1982 |||y0rusy50 ca
101 0 _arus
102 _aRU
105 _ay |||||||||
200 1 _aЭкономическое и социальное развитие Радянского района г. Киева в XI пятилетке
_e(Комплекс. план)
_fАН УССР, Совет по изучению производ. сил УССР
_g[Редкол.: Алымов А.Н., акад. АН УССР и др.]
210 _aКиев
_cБ. и.
_d1982
215 _a231 с.
_d20
333 _aДСП. Экз. № 3
801 0 _aRU
_bNLR
_gpsbo
801 1 _aRU
_bELAR
_2rusmarc
852 _aNLR
_j83-50К/613
942 _cBOOK
980 _aNB